00637cam a2200193 a 450000100100000000500170001000800410002702000150006804000290008308200180011210000260013024501250015626000420028130000210032350400320034465000160037665000280039270000230042000001177720200929162548.0880819s1988 mdua b 000 0 spa  a0935318151 aDO-SdBNPbspacLCdBNPHU a401.41bB423s1 aBejel, Emilio,d1944-13aLa subversión de la semiótica :banálisis estructural de textos hispánicos /cEmilio Bejel y Ramiro Fernández. aGaithersburg :bHispamérica,c1988. a265 p. ;c22 cm. aBibliografía: p. 259-265. 4aSemiótica 4aAnálisis del discurso1 aFernandez, Ramiro.